NFL Teams with Least Points in the Playoffs - Statistics

General Stats
  • This quiz has been taken 125 times
    97 since last reset
  • The average score is 8 of 10
Answer Stats
# of Points NFL Team % Correct
483 Cleveland Browns
96%
345 Detroit Lions
90%
341 Houston Texans
90%
412 Jacksonville Jaguars
90%
420 Carolina Panthers
83%
345 Arizona Cardinals
81%
520 New York Jets
81%
499 Cincinnati Bengals
80%
517 Chicago Bears
72%
500 Tampa Bay Buccaneers
68%
No matching quizzes found
Score Distribution
Percent of People with Each Score
Percentile by Number Answered
Your Score History
You have not taken this quiz since the last reset